An introduction to human communication : (Record no. 3259)

000 -LEADER
fixed length control field 01104nam a2200313 a 4500
001 - CONTROL NUMBER
control field 4474658
003 - CONTROL NUMBER IDENTIFIER
control field OSt
005 - DATE AND TIME OF LATEST TRANSACTION
control field 20170105101212.0
008 - FIXED-LENGTH DATA ELEMENTS--GENERAL INFORMATION
fixed length control field 961029s1997 wiua b 001 0 eng
010 ## - LIBRARY OF CONGRESS CONTROL NUMBER
LC control number 96083903
020 ## - INTERNATIONAL STANDARD BOOK NUMBER
International Standard Book Number 0697288986
040 ## - CATALOGING SOURCE
Original cataloging agency DLC
Transcribing agency DLC
050 00 - LIBRARY OF CONGRESS CALL NUMBER
Classification number P90
Item number .P372 1997
082 00 - DEWEY DECIMAL CLASSIFICATION NUMBER
Classification number 302.2
Edition number 21
100 1# - MAIN ENTRY--PERSONAL NAME
Personal name Pearson, Judy C.
245 13 - TITLE STATEMENT
Title An introduction to human communication :
Remainder of title understanding & sharing /
Statement of responsibility, etc. Judy C. Pearson, Paul E. Nelson.
246 3# - VARYING FORM OF TITLE
Title proper/short title Understanding and sharing
250 ## - EDITION STATEMENT
Edition statement 7th ed.
260 ## - PUBLICATION, DISTRIBUTION, ETC.
Place of publication, distribution, etc. Madison, WI :
Name of publisher, distributor, etc. Brown & Benchmark,
Date of publication, distribution, etc. c1997.
300 ## - PHYSICAL DESCRIPTION
Extent xix, 389 p. :
Other physical details ill. (some col.) ;
Dimensions 26 cm.
500 ## - GENERAL NOTE
General note Rev. ed. of: Understanding & sharing. 6th ed. c1994.
504 ## - BIBLIOGRAPHY, ETC. NOTE
Bibliography, etc. note Includes bibliographical references and index.
650 #0 - SUBJECT ADDED ENTRY--TOPICAL TERM
Topical term or geographic name entry element Communication.
700 1# - ADDED ENTRY--PERSONAL NAME
Personal name Nelson, Paul E.
Fuller form of name (Paul Edward),
Dates associated with a name 1941-
700 1# - ADDED ENTRY--PERSONAL NAME
Personal name Pearson, Judy C.
Title of a work Understanding & sharing.
906 ## - LOCAL DATA ELEMENT F, LDF (RLIN)
a 7
b cbc
c orignew
d 2
e opcn
f 19
g y-gencatlg
942 ## - ADDED ENTRY ELEMENTS (KOHA)
Source of classification or shelving scheme
Koha item type Book
Holdings
Withdrawn status Lost status Source of classification or shelving scheme Damaged status Not for loan Collection code Permanent Location Current Location Shelving location Date acquired Total Checkouts Total Renewals Full call number Barcode Date last seen Date last checked out Price effective from Koha item type
            NUST Law School (NLS) NUST Law School (NLS) General Stacks 05/30/2016 2 1 302.2 PEA S3H-N-938 10/28/2024 09/11/2024 05/30/2016 Book
© 2023 Central Library, National University of Sciences and Technology. All Rights Reserved.